Cielená inhibícia druhého stupňa nitrifikácie

Saved in:
Bibliographic Details
Main Author: Frličková, Silvia (Author)
Format: Manuscript Book
Language:Slovak
Published: Bratislava : STU v Bratislave ChtF, 2000
Edition:Obhaj.:5.6.2000
Tags: Add Tag
No Tags, Be the first to tag this record!

MARC

LEADER 00000ntm a22000003a 4500
001 stu54527
005 20150617225658.9
008 000629s2000----xo------------------slo-d
040 |a STU  |b slo 
041 0 |a slo 
044 |a xo 
100 1 |a Frličková, Silvia  |4 aut 
245 1 |a Cielená inhibícia druhého stupňa nitrifikácie 
250 |a Obhaj.:5.6.2000 
260 |a Bratislava :  |b STU v Bratislave ChtF,  |c 2000 
300 |a 56 s. Obr., tab., grafy, lit 
500 |a Špec.:Chémia a technológia život.prostredia 
996 |b 284C018494  |c C*D13182  |l CCI  |s A  |a 24  |w stu54527_0001